Acta aerarii publici vedecký časopis Ekonomickej fakulty Univerzity Mateja Bela v Banskej Bystrici
Salvato in:
| Natura: | Periodico |
|---|---|
| Lingua: | slovacco |
| Pubblicazione: |
Banská Bystrica
Ekonomická fakulta Univerzity Mateja Bela
2019
|
| Tags: |
Nessun Tag, puoi essere il primo ad aggiungerne!!
|
MARC
| LEADER | 00000nas2a2200000 4500 | ||
|---|---|---|---|
| 001 | 0262146 | ||
| 005 | 20240115080834.6 | ||
| 022 | |a 1336-8818 | ||
| 041 | 0 | |a slo | |
| 044 | |a SK | ||
| 245 | 1 | 0 | |a Acta aerarii publici |b vedecký časopis Ekonomickej fakulty Univerzity Mateja Bela v Banskej Bystrici |
| 264 | 1 | |a Banská Bystrica |b Ekonomická fakulta Univerzity Mateja Bela |c 2019 | |
| 773 | 0 | |w eu_un_cat*0059483 | |
| 774 | 0 | |w eu_un_cat*0298125 | |